000 00895nam a2200253Ia 4500
003 OSt
005 20220923224451.0
006 a|||||r|||| 00| 0
007 ta
008 220922b |||||||| |||| 00| 0 hin d
020 _c600
024 _a234,358
037 _b347, 13/03/2008, Swaraj Prakashan
_cTextual
040 _aARTS
_cARTS
_bhin
041 _2hin
_ahin
082 _aO152,3:g(Y), P6
100 _aश्रीवास्तव, गरिमा, संपा.
245 0 _aउपन्यास का समाजशास्त्र
246 _aUpanyās kā samājashāstra
260 _aदिल्ली
_b संजय प्रकाशन
_c2006
300 _a343पृ.
_ccm.
942 _hO152,3:g(Y), P6
_cTEXL
_2CC
999 _c371632
_d371632